Quiz - Answers beginning with Y - Statistics

General Stats
  • This quiz has been taken 734 times
  • The average score is 11 of 15
Answer Stats
Hint Answer % Correct
To shout loudly yell
95%
Children's toy that goes up and down yoyo
94%
36 inches yard
89%
Colour of a sunflower yellow
86%
The middle of an egg yolk
86%
Raising agent in baking yeast
83%
A type of boat yacht
79%
Long haired animal found in places such as the Himalayas yak
76%
_________, all my troubles seemed so far away yesterday
74%
Strongly desire something yearn
73%
Largish vegetable often compared to a sweet potato yam
72%
Word to describe something that isn't nice yucky
58%
A custard-like food made from curdled milk yoghurt
51%
An involuntary intake of breath yawn
48%
An amount of a product yield
33%
No matching quizzes found
Score Distribution
Percent of People with Each Score
Percentile by Number Answered
Your Score History
You have not taken this quiz